| 000 | 00420nam a2200145Ia 4500 | ||
|---|---|---|---|
| 008 | 211109s9999||||xx |||||||||||||| ||und|| | ||
| 082 |
_a333.730 _bRES-G |
||
| 100 | _aThe Committee Od Direction All, | ||
| 245 | 0 | _aGeneral Report | |
| 260 |
_bReserve Bank of India _aBombay _c1955 |
||
| 300 | _a50p. | ||
| 630 | _xPOST GRADUATE REFERENCE | ||
| 650 |
_aECONOMICS OF LAND AND ENERGY _vEconomics _xEconomics |
||
| 942 | _cBOOK | ||
| 999 |
_c21018 _d21018 |
||